Statistics for Liverpool Players 2009/10 - Present

Click here to take the quiz!

General Stats

  • This quiz has been taken 399 times
    (365 since last reset)
  • The average score is 38 of 80

Answer Stats

PositionNationalityAnswer% Correct
GKSpainPepe Reina
95%
GKBelgiumSimon Mignolet
88%
MFEnglandSteven Gerrard
87%
DFEnglandJamie Carragher
86%
DFSlovakiaMartin Skrtel
85%
FWUruguayLuis Suarez
84%
GKAustraliaBrad Jones
79%
FWSpainFernando Torres
79%
DFDenmarkDaniel Agger
74%
MFEnglandJordan Henderson
73%
FWNetherlandsDirk Kuyt
72%
DFIvory CoastKolo Toure
71%
DFCroatiaDejan Lovren
70%
FWItalyMario Balotelli
70%
DFEnglandGlen Johnson
70%
FWEnglandDaniel Sturridge
69%
MFWalesJoe Allen
69%
MFBrazilPhilippe Coutinho
68%
DFUruguaySebastian Coates
68%
MFIsraelYossi Benayoun
67%
DFSpainAlberto Moreno
66%
MFEnglandRaheem Sterling
66%
MFBrazilLucas Leiva
66%
MFArgentinaJavier Mascherano
64%
DFFranceMamadou Sakho
64%
MFGermanyEmre Can
58%
MFNetherlandsRyan Babel
57%
FWEnglandAndy Carroll
56%
FWItalyFabio Borini
56%
MFEnglandAdam Lallana
55%
FWWalesCraig Bellamy
55%
MFSerbiaLazar Markovic
54%
DFBrazilFabio Aurelio
53%
FWEnglandRickie Lambert
53%
DFGreeceSotiris Kyrgiakos
53%
MFPortugalRaul Meireles
51%
DFEnglandJon Flanagan
51%
FWFranceDavid N'Gog
50%
MFItalyAlberto Aquilani
49%
MFArgentinaMaxi Rodriguez
47%
DFSpainJose Enrique
47%
MFScotlandCharlie Adam
47%
FWSpainIago Aspas
45%
MFEnglandStewart Downing
45%
GKBrazilDoni
44%
MFNigeriaVictor Moses
43%
DFEnglandMartin Kelly
40%
DFArgentinaEmiliano Insua
40%
MFMoroccoOussama Assaidi
39%
MFEnglandJonjo Shelvey
39%
MFDenmarkChristian Poulsen
38%
MFEnglandJay Spearing
37%
MFEnglandJordon Ibe
37%
MFSpainAlbert Riera
35%
MFEnglandJoe Cole
34%
MFSpainLuis Alberto
33%
MFSpainSuso
33%
MFSerbiaMilan Jovanovic
32%
DFScotlandDanny Wilson
32%
DFSwitzerlandPhilipp Degen
31%
FWGermanySamed Yesil
30%
DFEnglandPaul Konchesky
29%
DFSpainJavi Manquillo
28%
MFMoroccoNabil El Zhar
28%
DFEnglandAndre Wisdom
24%
DFFranceAly Cissokho
24%
MFEnglandJordan Rossiter
21%
GKBrazilDiego Cavalieri
20%
DFEnglandJack Robinson
19%
MFTurkeyNuri Sahin
18%
MFEnglandJerome Sinclair
17%
FWSpainDani Pacheco
16%
MFFranceDamien Plessis
13%
MFEnglandConor Coady
11%
DFSpainDaniel Ayala
10%
MFPortugalJoao Carlos Teixeira
10%
DFEnglandStephen Darby
8%
MFWalesJordan Williams
6%
FWEnglandNathan Eccleston
5%
MFEnglandTom Ince
5%

Score Distribution

Percentile by Number Answered

Percent of People with Each Score

Your Score History

You have not taken this quiz since the last reset